000
00227nam a2200097Ia 4500
001
990351
005
20250826221309.0
008
250824s9999 xx 000 0 und d
245
0
_a
FANG AİLESİ
_c
KEVIN WILSON
260
_b
DOMİNGO
999
_c
990351
_d
990351